000 02665nam a22002177a 4500
999 _c60473
_d60473
003 Ge_BSU
005 20230728114534.0
008 230728s2020ge xxu||||| |||| 00| 0 geo d
041 _ageo
080 _a378.18 კ-84
245 _aკრი­ტი­კუ­ლი მე­გობ­რის მიდ­გო­მა :
_b[გზამკვლევი ] /
_cსოფიკო ლობჟანიძე, ეკა ტყავაშვილი, მარიკა კირვალიძე, [და სხვ]
264 _aთბილისი:
_b [გ.გ.]
_c2020.
300 _a39 გვერდი :
_b ცხრილები ;
_c26 სმ.
653 _aკრი­ტი­კუ­ლი მე­გობ­რის" მიდ­გო­მის თეორიული და პრაქტიკული საფუძვლები -- უკუკავშირის როლი "კრი­ტი­კუ­ლი მე­გობ­რის" მიდ­გო­მაში -- უკუკავშირის ძირითადი პრინციპები "კრი­ტი­კუ­ლი მე­გობ­რის" მიდ­გო­მის ეფექტიანობისთვის -- უმაღლეს საგანმანათლებლო დაწესებულებებში კრიტიკული მეგობრის მნიშვნელობა -- "კრიტიკული მეგობრის" მიდგომით მუშაობის თანმიმდევრული ნაბიჯები -- კრიტიკული მეგობრის ფარგლებში გამოსაყენებელი ინსტრუმენტები -- "კრიტიკული მეგობრის" მიდგომაში ტექნოლოგიის ინტეგრირება -- "კრიტიკული მეგობრის" მიდგომის პილოტირების შედეგები -- დანართები.
653 _aკრი­ტი­კუ­ლი მე­გობ­რის მიდ­გო­მა -- განათლება -- გზამკვლევი
653 _aCritical friend approach -- Education -- Guidebook
700 _aლობჟანიძე, სოფიკო , (ავტორი.)
_92574
700 _a ტყავაშვილი, ეკა , (ავტორი.)
_919552
700 _a კირვალიძე, მარიკა (ავტორი.) და სხვ
_919553
942 _2udc
_cBK